Scale insects of importance and list of the species in New York State, (Record no. 24588)
[ view plain ]
| 000 -LEADER | |
|---|---|
| fixed length control field | 01040cam a22002771 4500 |
| 001 - CONTROL NUMBER | |
| control field | gs 07000486 |
| 003 - CONTROL NUMBER IDENTIFIER | |
| control field | DLC |
| 005 - DATE AND TIME OF LATEST TRANSACTION | |
| control field | 20260227111305.0 |
| 008 - FIXED-LENGTH DATA ELEMENTS--GENERAL INFORMATION | |
| fixed length control field | 770126s1901 nyuaf b 001 0 eng |
| 010 ## - LIBRARY OF CONGRESS CONTROL NUMBER | |
| LC control number | gs 07000486 |
| 035 ## - SYSTEM CONTROL NUMBER | |
| System control number | (OCoLC)2701238 |
| 040 ## - CATALOGING SOURCE | |
| Original cataloging agency | DLC |
| Transcribing agency | NFredU |
| Modifying agency | NBrockU |
| -- | DLC |
| 042 ## - AUTHENTICATION CODE | |
| Authentication code | premarc |
| 050 00 - LIBRARY OF CONGRESS CALL NUMBER | |
| Classification number | Q11 |
| Item number | .N82 no. 46, vol. 9 |
| 051 ## - LIBRARY OF CONGRESS COPY, ISSUE, OFFPRINT STATEMENT | |
| Classification number | SB939 |
| Item number | .F34 |
| 100 1# - MAIN ENTRY--PERSONAL NAME | |
| Personal name | Felt, Ephraim Porter, |
| Dates associated with a name | 1868-1943 |
| 245 10 - TITLE STATEMENT | |
| Title | Scale insects of importance and list of the species in New York State, |
| Statement of responsibility, etc. | by Ephraim Porter Felt. |
| 260 ## - PUBLICATION, DISTRIBUTION, ETC. | |
| Place of publication, distribution, etc. | Albany, |
| Name of publisher, distributor, etc. | University of the State of New York, |
| Date of publication, distribution, etc. | 1901. |
| 300 ## - PHYSICAL DESCRIPTION | |
| Extent | [291]-377 p., 15 leaves of plates. |
| Other physical details | illus. (some col.) |
| Dimensions | 25 cm. |
| 440 #0 - SERIES STATEMENT/ADDED ENTRY--TITLE | |
| Title | Bulletin of the New York State Museum, |
| Volume/sequential designation | no. 46, v. 9 |
| 500 ## - GENERAL NOTE | |
| General note | "Technical study of four species of Aspidiotus, by Margaret Fursman Boynton": p. 343-354. |
| 504 ## - BIBLIOGRAPHY, ETC. NOTE | |
| Bibliography, etc. note | Includes bibliographical references and index. |
| 650 #0 - SUBJECT ADDED ENTRY--TOPICAL TERM | |
| Topical term or geographic name entry element | Insect pests. |
| 650 #0 - SUBJECT ADDED ENTRY--TOPICAL TERM | |
| Topical term or geographic name entry element | Insect pests |
| Geographic subdivision | New York (State) |
| 700 1# - ADDED ENTRY--PERSONAL NAME | |
| Personal name | Boynton, Margaret Fursman. |
No items available.